Diccionario de lógica y filosofía de la ciencia / (Record no. 54675)

MARC details
000 -LEADER
campo de control de longitud fija 00846nam a2200277 i 4500
001 - NÚMERO DE CONTROL
campo de control 54675
003 - IDENTIFICADOR DE NÚMERO DE CONTROL
campo de control ES-MaACL
005 - FECHA Y HORA DE LA ÚLTIMA TRANSACCIÓN
campo de control 20230906163010.0
007 - CAMPO FIJO DE DESCRIPCIÓN FÍSICA--INFORMACIÓN GENERAL
campo de control de longitud fija t|
008 - DATOS DE LONGITUD FIJA--INFORMACIÓN GENERAL
campo de control de longitud fija 030108s2002 sp d ||||0| spa d
020 ## - NÚMERO INTERNACIONAL ESTÁNDAR DEL LIBRO
Número Internacional Estándar del Libro 84-206-3000-4
080 ## - NÚMERO DE LA CLASIFICACIÓN DECIMAL UNIVERSAL
Número de la Clasificación Decimal Universal 16(038)
080 ## - NÚMERO DE LA CLASIFICACIÓN DECIMAL UNIVERSAL
Número de la Clasificación Decimal Universal 001:1(038)
100 1# - ENTRADA PRINCIPAL--NOMBRE DE PERSONA
Nombre de persona Mosterín, Jesús.
9 (RLIN) 83812
245 10 - MENCIÓN DEL TÍTULO
Título Diccionario de lógica y filosofía de la ciencia /
Mención de responsabilidad, etc. Jesús Mosterín y Roberto Torretti.
260 ## - PUBLICACIÓN, DISTRIBUCIÓN, ETC.
Lugar de publicación, distribución, etc. Madrid :
Nombre del editor, distribuidor, etc. Alianza Editorial,
Fecha de publicación, distribución, etc. [2002]
300 ## - DESCRIPCIÓN FÍSICA
Extensión 670 p ;
Dimensiones 24 cm.
490 1# - MENCIÓN DE SERIE
Mención de serie Alianza diccionarios
504 ## - NOTA DE BIBLIOGRAFÍA, ETC.
Nota de bibliografía, etc. Bibliografía: p. [613]-635.
650 #4 - PUNTO DE ACCESO ADICIONAL DE MATERIA--TÉRMINO DE MATERIA
Término de materia o nombre geográfico como elemento de entrada Lógica-
Subdivisión de forma Diccionarios.
9 (RLIN) 14694
650 #4 - PUNTO DE ACCESO ADICIONAL DE MATERIA--TÉRMINO DE MATERIA
Término de materia o nombre geográfico como elemento de entrada Ciencia-
Subdivisión general Filosofía-
Subdivisión de forma Diccionarios.
9 (RLIN) 10951
700 1# - ENTRADA AGREGADA--NOMBRE PERSONAL
Nombre de persona Torretti, Roberto.
9 (RLIN) 111036
830 1# - PUNTO DE ACCESO ADICIONAL DE SERIE-TÍTULO UNIFORME
Título uniforme Alianza diccionarios
9 (RLIN) 177801
852 4# - LOCALIZACIÓN
Ubicación ES-MaACL
Número de control de estantería L-26775
Holdings
Estatus retirado Estado de pérdida Estado de daño No para préstamo Colección Biblioteca de origen Biblioteca actual Ubicación en estantería Fecha de adquisición Fuente de adquisición Total de préstamos Signatura topográfica completa Código de barras Visto por última vez Precio de reemplazo Tipo de ítem Koha
        Colección de referencia Biblioteca del Ateneo de Madrid Biblioteca del Ateneo de Madrid Depósito 2 17/01/2008     L-26775 1057451 23/02/2023 23/02/2023 Libro impreso